banner-ar

TOMORROW'S OFFICE: CREATING EFFECTIVE AND HUMANE INTERIORS / (Record no. 15669)

MARC details
000 -الفاتح
حقل البيانات ثابتة الطول 00580nam a2200217Ia 4500
008 - عناصر البيانات ثابتة الطول - معلومات عامة
حقل البيانات ثابتة الطول 140319s9999 xx 000 0 eng d
040 ## - مصدر الفهرسة
وكالة الفهرسة الأصلية GCL /
وكالة النسخ GCL
082 04 - رقم تصنيف ديوى العشرى
رقم التصنيف 747.8
رقم المادة R T
100 1# - المدخل الرئيسى - إسم شخصى
الإسم الشخصى RAYMOND, SANTA
245 10 - بيان العنوان
العنوان TOMORROW'S OFFICE: CREATING EFFECTIVE AND HUMANE INTERIORS /
بيان المسئوليه,etc RAYMOND, SANTA
700 1# - المدخل الاضافى - اسم شخصى
الإسم الشخصى CUNLIFFE, ROGER
260 ## - PUBLICATION, DISTRIBUTION, ETC. (IMPRINT)
تاريخ النشر أو التوزيع 1997
300 ## - الوصف المادى
التعداد 200 P
650 04 - المدخل الاضافى بالموضوع-مصطلح موضوعى
مصطلح موضوعي INTERIOR DECORATION
650 04 - المدخل الاضافى بالموضوع-مصطلح موضوعى
مصطلح موضوعي ARTS
650 04 - المدخل الاضافى بالموضوع-مصطلح موضوعى
مصطلح موضوعي OFFICE DESIGN
650 04 - المدخل الاضافى بالموضوع-مصطلح موضوعى
مصطلح موضوعي OFFICE ROOMS
650 04 - المدخل الاضافى بالموضوع-مصطلح موضوعى
مصطلح موضوعي OFFICE DECORATION
942 ## - عناصر المدخل الإضافي( كوها)
مصدر التصنيف او مخطط الترفيف Dewey Decimal Classification
Koha [default] item type كتاب
260 ## - PUBLICATION, DISTRIBUTION, ETC. (IMPRINT)
-- [S.N] :
-- E & FN SPON ،
Holdings
حالة التراجع حالة الفقد حالة تلف ليس للاعارة المكان المؤقت الموقع الحالى تاريخ الاكتساب اجمالي اﻻعارات رقم الطلب الباركود تاريخ اخر مشاهدة تاريخ تفعيل السعر نوع وعاء كوها
        مكتبة القاهرة الكبرى مكتبة القاهرة الكبرى 03/26/2014   747.8\R T 28926 03/26/2014 03/26/2014 كتاب

Powered By

EGPV